| 000 | 00513nam a2200181Ia 4500 | ||
|---|---|---|---|
| 003 | GCL | ||
| 008 | 140319s9999 xx 000 0 ara d | ||
| 040 |
_aGCL / _cGCL |
||
| 082 | 0 | 4 |
_a193 _bك م |
| 100 | 1 | _aكارل ماركس | |
| 245 | 1 | 0 |
_aالثامن عشر من برومير لويس بونابرت / _cكارل ماركس |
| 300 | _a181 ص | ||
| 490 |
_a100 قصة _v0 |
||
| 650 | 0 | 4 | _aالفلسفة |
| 650 | 0 | 4 | _aالفلسفة الالمانية |
| 650 | 0 | 4 | _aماركس، كارل |
| 942 |
_2ddc _cBK |
||
| 999 |
_c43676 _d43676 |
||